000 01254nam0a22003131 4500
001 rc\2135106
005 20110826161554.5
035 _a(NLR Aleph) 006536971
090 _a6595171
_c6595171
100 _a20110826d1978 |||y0rusy50 ca
101 0 _arus
102 _aRU
105 _ay z |||||
200 1 _aХарактерные черты процесса социалистического производства в условиях развитого социализма
_eЛекция, прочит. слушателям ВПШ при ЦК Компартии Украины
210 _aКиев
_cВПШ
_d1978
215 _a45 с.
_d20
300 _aВ надзаг.: Высш. парт. школа при ЦК Компартии Украины
606 _aСоциалистическое производство
_2psbo
686 _aУ011.753,0
_2rubbk
686 _aУ011.78,0
_2rubbk
700 1 _aДудченко
_bН. А.
_gНиколай Андреевич
701 1 _aКороткий
_bГ. И.
_gГригорий Иванович
801 0 _aRU
_bNLR
_gpsbo
801 1 _aRU
_bELAR
_2rusmarc
852 _aNLR
_j79-4/21837
899 _aRuMoRGB
_jБ 79-7/318
899 _aRuMoRGB
_jБ 79-7/319
942 _cBOOK
980 _aNB